000 00302nam a22001337a 4500
008 171010b xxu||||| |||| 00| 0 eng d
020 _a047125889-X
041 _aeng
080 _a316
100 _a50
101 _aSOC
245 _aALIENATION AND THE SOCIAL SYSTEM
_cFINIFTER.A.W
942 _2udc
_cBK
999 _c32891
_d32891